Computer Memory - Statistics

General Stats
  • This quiz has been taken 13 times
  • The average score is 3 of 26
Answer Stats
Hint Answer % Correct
RAM Random Access Memory
91%
Type of Memory that Detects and Corrects Corruption: Error Correcting Code
45%
ECC Error Correcting Code
27%
Specifies the Response Time Delay: CAS Latency
18%
EEPROM Electrically Erasable Programmable Read-Only Memory
18%
Type of Memory that uses a single bit of data to detect Errors: Parity
18%
EEPROM is located on: SDRAM
18%
SDRAM Synchronous Dynamic Random Access Memory
18%
Maximum storage for 32 bit memory: 4 GB
9%
Designation/2= Bus Speed
9%
CL CAS Latency
9%
Parity RAM checks for: Common types of Corruption
9%
Type of Memory that creates more stable loads: Registered Memory (Buffered)
9%
Memory Timing Parameters (eg. 5-5-5-15) (CL)-(tRCD)-(tRP)-(tRAS)
0%
CAS Column Address Strobe
0%
EEPROM communicates to BIOS: Data Width
0%
Bandwidth/8= Frequency
0%
IMC Integrated Memory Controller
0%
EEPROM communicates to BIOS: Module Size
0%
tRAS Row Active Time
0%
tRCD Row Address to Column Address
0%
tRP Row Precharge Time
0%
SPD Serial Presence Data
0%
Information stored on an EEPROM chip: Serial Presence Data
0%
EEPROM communicates to BIOS: Speed
0%
EEPROM communicates to BIOS: Voltage
0%
No matching quizzes found
Score Distribution
Percent of People with Each Score
Percentile by Number Answered
Your Score History
You have not taken this quiz